<?xml version="1.0" encoding="UTF-8"?><?xml-stylesheet type="text/xsl" href="static/style.xsl"?><OAI-PMH xmlns="http://www.openarchives.org/OAI/2.0/" xmlns:xsi="http://www.w3.org/2001/XMLSchema-instance" xsi:schemaLocation="http://www.openarchives.org/OAI/2.0/ http://www.openarchives.org/OAI/2.0/OAI-PMH.xsd"><responseDate>2026-04-30T00:21:23Z</responseDate><request verb="GetRecord" identifier="oai:uvadoc.uva.es:10324/24977" metadataPrefix="marc">https://uvadoc.uva.es/oai/request</request><GetRecord><record><header><identifier>oai:uvadoc.uva.es:10324/24977</identifier><datestamp>2021-06-29T17:33:31Z</datestamp><setSpec>com_10324_38</setSpec><setSpec>col_10324_852</setSpec></header><metadata><record xmlns="http://www.loc.gov/MARC21/slim" xmlns:doc="http://www.lyncode.com/xoai" xmlns:xsi="http://www.w3.org/2001/XMLSchema-instance" xmlns:dcterms="http://purl.org/dc/terms/" xsi:schemaLocation="http://www.loc.gov/MARC21/slim http://www.loc.gov/standards/marcxml/schema/MARC21slim.xsd">
<leader>00925njm 22002777a 4500</leader>
<datafield tag="042" ind1=" " ind2=" ">
<subfield code="a">dc</subfield>
</datafield>
<datafield tag="720" ind1=" " ind2=" ">
<subfield code="a">Frutos Allas, José Manuel de</subfield>
<subfield code="e">author</subfield>
</datafield>
<datafield tag="260" ind1=" " ind2=" ">
<subfield code="c">2017</subfield>
</datafield>
<datafield tag="520" ind1=" " ind2=" ">
<subfield code="a">Durante el envejecimiento se producen una serie de cambios en la&#xd;
composición corporal que, entre otros, producen una disminución generalizada y&#xd;
progresiva de masa, fuerza y función muscular, lo que aumenta el riesgo de sarcopenia.&#xd;
Una valoración del estado nutricional que incluya el estudio de la composición corporal&#xd;
(CC) mediante técnicas coste-eficientes, como el análisis de impedancia bioeléctrica&#xd;
(BIA, BIVA), junto con pruebas funcionales, permitiría detectar estos cambios, intervenir&#xd;
precozmente y, en consecuencia, mejorar la calidad de vida de las personas mayores</subfield>
</datafield>
<datafield tag="024" ind2=" " ind1="8">
<subfield code="a">http://uvadoc.uva.es/handle/10324/24977</subfield>
</datafield>
<datafield tag="245" ind1="0" ind2="0">
<subfield code="a">El análisis de impedancia como indicador de masa y fuerza muscular en un grupo de ancianos</subfield>
</datafield>
</record></metadata></record></GetRecord></OAI-PMH>